Current Members of the New York City Council by Picture - Statistics

General Stats
  • This quiz has been taken 9 times
  • The average score is 12 of 51
Answer Stats
Picture Hint Answer % Correct
District 28 (D) Adrienne Adams
67%
District 2 (D) Carlina Rivera
67%
District 1 (D) Christopher Marte
67%
District 11 (D) Eric Dinowitz
67%
District 3 (D) Erik Bottcher
67%
District 6 (D) Gale Brewer
67%
District 5 (D) Julie Menin
67%
District 4 (D) Keith Powers
67%
District 38 (D) Alexa Avilés
33%
District 36 (D) Chi Ossé
33%
District 42 (D) Chris Banks
33%
District 35 (D) Crystal Hudson
33%
District 48 (R) Inna Vernikov
33%
District 34 (D) Jennifer Gutiérrez
33%
District 32 (R) Joann Ariola
33%
District 26 (D) Julie Won
33%
District 47 (D) Justin Brannan
33%
District 13 (R) Kristy Marmorato
33%
District 33 (D) Lincoln Restler
33%
District 27 (D) Nantasha Williams
33%
District 37 (D) Sandy Nurse
33%
District 31 (D) Selvena Brooks-Powers
33%
District 39 (D) Shahana Hanif
33%
District 7 (D) Shaun Abreu
33%
District 44 (D) Simcha Felder
33%
District 22 (D) Tiffany Cabán
33%
District 19 (R) Vickie Paladino
33%
District 9 (D) Yusef Salaam
33%
District 16 (D) Althea Stevens
0%
District 18 (D) Amanda Farías
0%
District 10 (D) Carmen De La Rosa
0%
District 41 (D) Darlene Mealy
0%
District 50 (R) David Carr
0%
District 8 (D) Diana Ayala
0%
District 45 (D) Farah Louis
0%
District 21 (D) Francisco Moya
0%
District 51 (R) Frank Morano
0%
District 24 (D) James Gennaro
0%
District 49 (D) Kamillah Hanks
0%
District 12 (D) Kevin Riley
0%
District 23 (D) Linda Lee
0%
District 29 (D) Lynn Schulman
0%
District 46 (D) Mercedes Narcisse
0%
District 15 (D) Oswald Feliz
0%
District 14 (D) Pierina Sanchez
0%
District 17 (D) Rafael Salamanca
0%
District 40 (D) Rita Joseph
0%
District 30 (D) Robert Holden
0%
District 20 (D) Sandra Ung
0%
District 25 (D) Shekar Krishnan
0%
District 43 (D) Susan Zhuang
0%
No matching quizzes found
Score Distribution
Percent of People with Each Score
Percentile by Number Answered
Your Score History
You have not taken this quiz